Degradación de zonas áridas en el entorno mediterráneo
Сохранить в:
| Формат: | |
|---|---|
| Язык: | испанский |
| Опубликовано: |
Madrid
Agencia de Medio Ambiente - MOPU
1989
|
| Редактирование: | 1a. ed |
| Серии: | Monografías de la Dirección General de Medio Ambiente
|
| Предметы: | |
| Метки: |
Добавить метку
Нет меток, Требуется 1-ая метка записи!
|
MARC
| LEADER | 00000cam a2200000 a 4500 | ||
|---|---|---|---|
| 001 | UCV5018 | ||
| 003 | CL-VaPUC | ||
| 005 | 20220822153701.0 | ||
| 008 | 920327e19890000sp 1 spa d | ||
| 082 | 0 | 4 | |a 333.73 |b DEG |2 21 |
| 245 | 1 | 0 | |a Degradación de zonas áridas en el entorno mediterráneo |
| 250 | |a 1a. ed | ||
| 260 | |a Madrid |b Agencia de Medio Ambiente - MOPU |c 1989 | ||
| 300 | |a 224 p | ||
| 490 | 0 | |a Monografías de la Dirección General de Medio Ambiente | |
| 583 | |a last modification |c 20190820 03:31:36 |k Rodrigo Vera | ||
| 650 | 0 | 7 | |a REGIONES ARIDAS |2 CL-VaPUC |9 264919 |
| 650 | 0 | 0 | |a Congresos |9 257560 |
| 650 | 0 | 0 | |a Erosión de suelos |9 264330 |
| 650 | 0 | 7 | |a RECUPERACION DE TIERRAS |2 CL-VaPUC |9 264323 |
| 942 | |c BK | ||
| 945 | |d 19920327 00:00:00 | ||
| 546 | |a En Español | ||
| 536 | |a Consejería de Agricultura de la Comunidad de Madrid | ||
| 536 | |a Escuela Técnica Superior de Ingenieros de Montes de Madrid | ||
| 518 | |p Jornadas Internacionales sobre Degradación de Zonas Aridas en el Entorno Mediterráneo, 1, Madrid, 25 a 27 de mayo de 1987 | ||
| 999 | |c 381968 |d 381966 | ||
| 952 | |0 0 |1 0 |3 erb |4 0 |6 333_730000000000000_DEG_1989 |7 0 |8 A |9 503358 |a BIBING |b BIBING |i 5456991 |o 333.73 DEG 1989 |p 5456991 |r 2025-01-20 |w 2020-01-23 |y BK |z Catalogado en:20180316 |k CCL | ||